00618nam a2200169Ia 4500003000900000008004100009040001600050080002500066110003300091245017400124260005000298300000800348500002900356650001800385650002400403650002100427IN-BaIIA211028s9999 xx 000 0 eng d cIIA Library a83.7:696.141.18bISI aIndian Standards Institution 0aIndian standard specification for vitreous sanitary appliances (vitreous China)bpt. 14, specific requirements of integrated squatting panscIndian Standards Institution aNew DelhibIndian Standards Institutionc1974 a8p. aIS 2556 : Part 14 : 1974 a Standards  a Vitreous Sanitary aNASA Thesaurus